000 00972nam a2200313Ia 4500
001 dia_4851
003 CHAP
005 20251023171842.0
008 220117s2006 xx 000 0 und d
010 _a175654
020 _a0-8247-2317-1
040 _cCHAP
082 _a615.16 M53 2006
245 _aMicroencapsulation : methods and industrial applications /
_c edición Simon Benita
250 _a2a ed.
260 _aEstados Unidos de América, New York :
_b Taylor & Francis,
_c2006
300 _axviii, 756 p.
440 _aDrugs and the pharmaceutical sciences ; v. 158
_9156876
503 _aI. 237650
504 _aIncluye bibliografías
590 _aRS201.C3 M53 2006
650 _aMicroencapsulación
_975512
650 _aMicroencapsulation
_9156877
700 _aBenita, Simon, ed.
_9156878
901 _a615.16 M53 2006
902 _aM
905 _a5232272006 -usaimn8222223322eng16
942 _cLIBRO
_2ddc
999 _c175654
_d175654